000 00406nam a2200121Ia 4500
008 220620s9999||||xx |||||||||||||| ||und||
245 0 _aEngineering Management
546 _aEnglish[eng]
650 _aManagement & management techniques
700 _aPedro García Márquez, Fausto||Lev, Benjamin
856 _uhttps://mts.intechopen.com/storage/books/3197/authors_book/authors_book.pdf
942 _cEB
999 _c33327
_d33327